| 000 | 00778nam a22002177a 4500 | ||
|---|---|---|---|
| 005 | 20240216122648.0 | ||
| 008 | 090826t xxu||||| |||| 00| 0 eng d | ||
| 010 | _aENG-139322 | ||
| 020 |
_a9789383243280 _c2800.00 |
||
| 035 | _a EN-122854 | ||
| 082 | _a700.954 | ||
| 100 |
_aP. Ahuja Naman and Belfrage Louise _936944 |
||
| 245 |
_aA MEDIATED MAGIC; THE INDIAN PRESENCE IN MODERNISM 1880-1930 _cNaman P. Ahuja Belfrage |
||
| 260 |
_aMumbai _bThe Marg Fundation _c2019 |
||
| 270 |
_a148,M.G. Road, _bMumbai _e400001 |
||
| 300 |
_a184p.; _c32cm _bcol. photos |
||
| 700 |
_aP. Ahuja Naman _962213 |
||
| 700 |
_aBelfrage Louise _962214 |
||
| 942 |
_2ddc _cEN _h700.954 _mAHU |
||
| 999 |
_c200851 _d200851 |
||